Guess the U.S. President Base On A Weird Fact #2 - Statistics

General Stats
  • This quiz has been taken 34 times
  • The average score is 6 of 19
Answer Stats
Hint Answer % Correct
Had teeth made of ivory and human teeth, but loved to drink wine so much that the way they were stained made them look wooden George Washington
86%
Threw up on the Japanese Prime Minister during a state visit George H. W. Bush
61%
Still has a grandson that is alive today as of 10/14/2021 John Tyler
54%
Weighed only around 100 pounds during his Presidency James Madison
50%
Regularly consulted with an astrologer, Joan Quigley, before making decisions and scheduling big events Ronald Reagan
46%
While studying at Harvard, he applied to be featured in a pin-up calendar Barack Obama
43%
Liked to skinny-dip in the Potomac River John Quincy Adams
39%
Ordered a 7-foot-long tub that weighed a literal ton to be built and placed aboard the USS North Carolina, so he could luxuriate in it on his way to Panama William Howard Taft
39%
Used to work as a wrestler, winning all but one of approximately 300 matches Abraham Lincoln
36%
Upon the death of his law partner, he became the legal guardian to his friend's 11-year-old orphaned daughter. 10 years later, they were married Grover Cleveland
21%
Gambled away the White House's china set in a game of poker Warren G. Harding
21%
Snacked on a bunch of cherries and washed it all down with iced milk during a 4th of July celebration Zachary Taylor
21%
Was so scared of being electrocuted that he refused to touch the light switches and was known to go to bed with all the lights on Benjamin Harrison
14%
Ordered his valet to shoot squirrels that bothered him on the White House golf course Dwight D. Eisenhower
14%
Proposed to his wife with a $2.50 ring from Sears Lyndon B. Johnson
14%
Named his dog "Satan" John Adams
11%
Wanted the White House completely redecorated so he sold off 24 wagon loads of historical relics, including a pair of Lincoln's pants and one of John Quincy Adams' hats Chester A. Arthur
7%
He banned booze, card playing and dancing from the White House James K. Polk
7%
First President to own a Siamese cat, and named her "Miss Pussy" Rutherford B. Hayes
4%
No matching quizzes found
Score Distribution
Percent of People with Each Score
Percentile by Number Answered
Your Score History
You have not taken this quiz